|
|
|
|
| LEADER |
00000nam a22000005a 4500 |
| 001 |
vtls010275089 |
| 003 |
SK-MaSNL |
| 005 |
20260301031725.0 |
| 008 |
240315s2010 xo ol g f 000 0 slo |
| 015 |
|
|
|a SNBA2011/12-06059
|
| 020 |
|
|
|a 9788089232925
|q (brož.)
|
| 035 |
|
|
|a F5B70B1C-3719-4CB7-8983-6A6145827054
|
| 035 |
|
|
|a urn:nbn:sk:snk-amjhpr
|
| 035 |
|
|
|a urn:nbn:sk:snk-am001y1p
|
| 040 |
|
|
|a SNK
|b slo
|c SNK
|e AACR2
|
| 041 |
0 |
|
|a slo
|b slo
|
| 044 |
|
|
|a xo
|c SK
|
| 072 |
|
7 |
|a 004.3
|x Počítače. Hardvér
|2 konspekt
|
| 080 |
|
|
|a 004.382.7
|2 2001
|
| 080 |
|
|
|a (035)
|2 2001
|
| 100 |
1 |
|
|a Sedlák, Pavol,
|d 1976-
|4 aut
|9 189698
|
| 245 |
1 |
0 |
|a PC dieťa človeka
|c Pavol Sedlák, Luboš Socha, Radoslav Šulej
|
| 250 |
|
|
|a 1. vyd.
|
| 260 |
|
|
|a Košice
|b Vienala
|c 2010
|
| 300 |
|
|
|a 51 s.
|b fotogr., sch.
|c 24 cm
|
| 500 |
|
|
|a V tir. uvedený rok vyd. 2010
|
| 504 |
|
|
|a Slovník termínov. Zoz. sch. , obr., symbolov a skrat.
|
| 546 |
|
|
|a Res. angl.
|
| 650 |
0 |
7 |
|a osobné počítače
|2 SNKPH
|9 960
|
| 650 |
0 |
7 |
|a Personal computers
|2 SNKPHeng
|9 114664
|
| 655 |
|
7 |
|a príručky
|2 SNKPH
|9 74364
|
| 655 |
|
7 |
|a Handbooks, manuals, etc.
|2 SNKPHeng
|9 90964
|
| 700 |
1 |
|
|a Socha, Luboš,
|d 1962-
|4 aut
|9 224461
|
| 700 |
1 |
|
|a Šulej, Radoslav,
|d 1968-
|4 aut
|9 220315
|
| 919 |
|
|
|a 978-80-89232-92-5
|
| 958 |
|
|
|a OND
|
| 968 |
|
|
|d 0
|
| 999 |
|
|
|c 577203
|d 579133
|
| 952 |
|
|
|a SNK
|b SNK
|y PREZ
|7 0
|p 17A0701778
|o snkSC 145200
|i snk2011/9931
|8 0
|0 0
|1 0
|4 0
|d 2011-05-02
|l 0
|r 2025-07-14 00:00:00
|w 2026-02-23
|
| 952 |
|
|
|a SNK
|b SNK
|y VYP
|7 0
|p 17A0701777
|o snkSC 145200 D1
|i snk2011/9933
|8 0
|0 0
|1 0
|4 0
|d 2011-05-02
|f 1
|l 0
|r 2026-02-23 14:37:36
|w 2026-02-23
|